Účtovná závierka podnikateľov - príloha ako zostaviť prílohu k 31. decembru 1999
Gespeichert in:
| 1. Verfasser: | |
|---|---|
| Format: | Buch |
| Sprache: | Slowakisch |
| Veröffentlicht: |
Bratislava
IURA EDITION
1999
|
| Schriftenreihe: | Ekonómia
|
| Schlagworte: | |
| Tags: |
Keine Tags, Fügen Sie das erste Tag hinzu!
|
MARC
| LEADER | 00000nam a2200000 4500 | ||
|---|---|---|---|
| 001 | c116636 | ||
| 005 | 20221102133008.8 | ||
| 020 | |a 80-88715-68-7 | ||
| 041 | 0 | |a slo | |
| 044 | |a SK | ||
| 245 | 1 | 0 | |a Účtovná závierka podnikateľov - príloha |b ako zostaviť prílohu k 31. decembru 1999 |c Richard Farkaš |
| 264 | 1 | |a Bratislava |b IURA EDITION |c 1999 | |
| 300 | |a 46 s. | ||
| 490 | 1 | |a Ekonómia | |
| 830 | 0 | |a Ekonómia | |
| 610 | 2 | 0 | |a účtovníctvo |
| 610 | 2 | 0 | |a závierka účtovná |
| 610 | 2 | 0 | |a informácie |
| 610 | 2 | 0 | |a poradenstvo |
| 610 | 2 | 0 | |a účtovanie |
| 610 | 2 | 0 | |a predpisy |
| 610 | 2 | 0 | |a smernice |
| 610 | 2 | 0 | |a komentáre |
| 610 | 2 | 0 | |a Slovensko |
| 100 | 1 | |a Farkaš, Richard | |